[Event "Split op 12th"]
[Site "Split"]
[Date "2023.08.09"]
[Round "6"]
[White "Saric, Kristina"]
[Black "Shnurov, Daniil"]
[Result "1/2-1/2"]
[WhiteElo "2133"]
[BlackElo "2005"]
[PlyCount "93"]
[EventDate "2023.08.05"]
[EventType "swiss"]
[EventRounds "9"]
[EventCountry "CRO"]
[SourceTitle "CBM 215 Extra"]
[Source "ChessBase"]
[SourceDate "2023.09.30"]
[SourceVersion "1"]
[SourceVersionDate "2023.09.30"]
[SourceQuality "1"]

1. e4 e6 2. d4 d5 3. Nd2 c5 4. Ngf3 cxd4 5. exd5 Qxd5 6. Bc4 Qd6 7. 0-0 Nf6 8. Nb3 Nc6 9. Nbxd4 Nxd4 10. Nxd4 Be7 11. Nb5 Qc6 12. Qe2 a6 13. Bf4 0-0 14. Nd4 Qc5 15. Nb3 Qf5 16. Be5 Bd7 17. Rfe1 Rac8 18. Rad1 Rfd8 19. c3 Qg4 20. Nd4 Ba4 21. b3 Bd7 22. f3 Qh5 23. b4 Ba4 24. Rc1 Nd5 25. g4 Qh6 26. Bxd5 Rxd5 27. Qe4 Bg5 28. Rb1 Bd2 29. Nf5 exf5 30. Qxd5 Bc6 31. Qd3 Bxe1 32. Rxe1 fxg4 33. fxg4 Qh4 34. Qg3 Qg5 35. Bd4 Qd5 36. a3 h6 37. Kf2 Rf8 38. Re7 Qg5 39. Re5 Qd2+ 40. Re2 Qg5 41. Re5 Qf6+ 42. Rf5 Qe6 43. Re5 Qa2+ 44. Re2 Qd5 45. Re5 Qa2+ 46. Re2 Qd5 47. Re5 1/2-1/2

[Event "Viljandi Raud Memorial 57th"]
[Site "Viljandi"]
[Date "2023.07.02"]
[Round "1"]
[White "Maiorov, Nikita"]
[Black "Shnurov, Daniil"]
[Result "1-0"]
[WhiteElo "2464"]
[BlackElo "1941"]
[PlyCount "73"]
[EventDate "2023.07.02"]
[EventType "swiss"]
[EventRounds "9"]
[EventCountry "EST"]
[SourceTitle "CBM 215 Extra"]
[Source "ChessBase"]
[SourceDate "2023.09.30"]
[SourceVersion "1"]
[SourceVersionDate "2023.09.30"]
[SourceQuality "1"]

1. d4 Nf6 2. c4 e6 3. Nf3 d5 4. Nc3 c6 5. e3 Bd6 6. Bd3 0-0 7. 0-0 Nbd7 8. b3 b6 9. Bb2 Bb7 10. Qc2 Qe7 11. Rfe1 h6 12. e4 dxe4 13. Nxe4 Nxe4 14. Bxe4 Nf6 15. Bd3 Rfd8 16. Rad1 Rac8 17. Qc1 Nh5 18. Bb1 Bb8 19. Qc2 Nf6 20. Ne5 Qd6 21. h3 Qc7 22. Kf1 Kf8 23. Bc1 Qe7 24. Bf4 Bd6 25. Re3 Qc7 26. c5 bxc5 27. dxc5 Ba6+ 28. Kg1 Bxe5 29. Bxe5 Rxd1+ 30. Qxd1 Qd8 31. Bd6+ Kg8 32. Qc2 g6 33. Rxe6 Ne8 34. Rxg6+ fxg6 35. Qxg6+ Ng7 36. Qxh6 Rc7 37. Bh7+ 1-0

[Event "Kohtla Jaerve Noorte CC"]
[Site "Kohtla Jaerve"]
[Date "2021.09.26"]
[Round "5"]
[White "Shnurov, Daniil"]
[Black "Pedmanson, Herman"]
[Result "1/2-1/2"]
[WhiteElo "1770"]
[BlackElo "1932"]
[PlyCount "169"]
[EventDate "2021.09.24"]
[EventType "swiss"]
[EventRounds "5"]
[EventCountry "EST"]
[SourceTitle "EXT 2023"]
[Source "ChessBase"]
[SourceDate "2022.10.05"]
[SourceVersion "1"]
[SourceVersionDate "2022.10.05"]
[SourceQuality "1"]

1. d4 Nf6 2. c4 e6 3. Nc3 Bb4 4. Nf3 b6 5. e3 Bb7 6. Bd3 0-0 7. 0-0 Bxc3 8. bxc3 Ne4 9. Qc2 f5 10. Nd2 Nxd2 11. Bxd2 d6 12. f3 Qf6 13. Rab1 Nd7 14. Qa4 Qe7 15. Bc1 e5 16. Ba3 e4 17. fxe4 fxe4 18. Rxf8+ Rxf8 19. Bf1 Qf7 20. Qc2 Qf5 21. c5 dxc5 22. Bc4+ Bd5 23. Rf1 Qe6 24. Rxf8+ Kxf8 25. Bxd5 Qxd5 26. c4 Qf5 27. Qa4 Kf7 28. dxc5 bxc5 29. Qc6 h5 30. Qxc7 Kg6 31. h3 Kh7 32. Bb2 a6 33. Qa7 Ne5 34. Qe7 Nf7 35. Qf8 Qg6 36. Qxc5 Nd6 37. Qd5 Qg3 38. Qxh5+ Kg8 39. Qd5+ Kh7 40. Bd4 g6 41. c5 Nf5 42. Qe5 Qxe5 43. Bxe5 Ne7 44. g4 Nc6 45. Bf6 Kg8 46. Kg2 Kf7 47. g5 Ke6 48. Kg3 Kf5 49. Kf2 Ke6 50. Ke2 Kd5 51. Bd4 Ne7 52. Kd2 Nf5 53. Kc3 Ne7 54. Kd2 Nc6 55. Bf6 Kxc5 56. h4 Kd5 57. h5 gxh5 58. g6 Ke6 59. g7 Kf7 60. Kc3 Nb8 61. Kd4 Nd7 62. Bh4 Kxg7 63. Kxe4 Kf7 64. Kf5 Nc5 65. Ke5 Ne6 66. Kd6 Ng7 67. e4 Ne6 68. Kc6 Nd4+ 69. Kb6 Ke6 70. Bg3 Ne2 71. Be1 Ke5 72. Kxa6 Kxe4 73. Kb6 Kd5 74. a4 Nd4 75. a5 Nc6 76. a6 Ne7 77. Kb7 Nc6 78. Bg3 Nd8+ 79. Kb6 Nc6 80. Bf2 Ne7 81. Bh4 Nc6 82. Kb7 Kc5 83. Bg5 Kb5 84. a7 Nxa7 85. Kxa7 1/2-1/2